[Event "Sonipat Prakash Singh Memorial 1st"]
[Site "Sonipat"]
[Date "2017.04.20"]
[Round "7"]
[White "Hemant, Sharma"]
[Black "Purshottam, Lal Sharma"]
[Result "1-0"]
[WhiteElo "2375"]
[BlackElo "1915"]
[PlyCount "113"]
[EventDate "2017.04.17"]
[EventType "swiss"]
[EventRounds "10"]
[EventCountry "IND"]
[SourceTitle "CBM 177 Extra"]
[Source "ChessBase"]
[SourceDate "2017.04.27"]
[SourceVersion "1"]
[SourceVersionDate "2017.04.27"]
[SourceQuality "1"]

1. c4 c5 2. Nc3 Nc6 3. Nf3 g6 4. g3 Bg7 5. Bg2 Nf6 6. a3 d6 7. d3 a6 8. Rb1 0-0 9. Bd2 Bd7 10. b4 cxb4 11. axb4 e5 12. 0-0 Rb8 13. b5 axb5 14. Nxb5 Ne8 15. Qb3 h6 16. Nc3 Kh7 17. Qb6 Qc8 18. Ne1 f5 19. Nc2 e4 20. Nd5 Rf7 21. Qb3 exd3 22. exd3 Nc7 23. Nb6 Qd8 24. Nxd7 Qxd7 25. Qb6 Ne5 26. Nb4 Ne6 27. Nc6 Rbf8 28. Nxe5 dxe5 29. Bd5 Nd4 30. f3 h5 31. Bxf7 Rxf7 32. Kg2 Nc6 33. Qe3 Qd6 34. Rb5 Qa3 35. Rfb1 Qa8 36. Rd5 Qa2 37. Rdb5 Qa8 38. Bc3 Rd7 39. Rd5 Re7 40. Qd2 Rf7 41. Qb2 Re7 42. Rb5 Qd8 43. Rd5 Qa8 44. Qc2 Qc8 45. Rb3 Qe8 46. Qb1 Qc8 47. Rdb5 Nd4 48. Bxd4 exd4 49. Rb2 Qe8 50. Kf2 Qc6 51. Rb6 Qc8 52. Rxb7 Re3 53. Re2 Qe6 54. Qb2 f4 55. Rxg7+ Kxg7 56. Qxd4+ Kh7 57. Rxe3 1-0